Normal view
MARC view
Entry Topical Term
001 - CONTROL NUMBER
- control field: 7187
003 - CONTROL NUMBER IDENTIFIER
- control field: BD-RjUL
005 - DATE AND TIME OF LATEST TRANSACTION
- control field: 20230321152815.0
008 - FIXED-LENGTH DATA ELEMENTS
- fixed length control field: 230321|| aca||aabn | a|a d
040 ## - CATALOGING SOURCE
- Original cataloging agency: BD-RjUL
- Transcribing agency: BD-RjUL
150 ## - HEADING--TOPICAL TERM
- Topical term or geographic name entry element: History of bills
- Form subdivision: History and Criticism
670 ## - SOURCE DATA FOUND
- Source citation: Work cat.: (BD-RjUL)81298: সরকার, মো. আকরাম হোসেন 7185, চলনবিলের ইতিহাস :, ২০২১